zpět

Detail výsledku týmu

Starobělská Koliba, Ostrava

Datum a čas kvízu

33.5 Celkem bodů Celkový počet nahraných bodů na tomto kvízu bez doplňovacích otázek.
2. Pořadí na kvízu Konečné umístění týmu na tomto kvízu.

Zaznamenané odpovědi

# Otázka Odpověď Body Výsledky
1. Minulý týden vyšla zpráva o to... hranolka / hranolek 0
2. Britská královská pošta předst... A) květiny 1
3. Jeden ze dvou původních aktivn... Brian May 1
4. Americký Národní úřad pro lete... nové skafandry 1
5. Které dva týmy se minulý týden... Manchester City, RB Lipsko 1
-15. V následujícím tématu se budem... joule 1
-13. V 19. a 20. století byl předev... svítiplyn 1
-12. Mezi obnovitelné zdroje patří... v Ústí nad Labem 1
-11. Součástí naprosté většiny elek... alternátor 0
-10. Téma zakončíme otázkou na jade... 1 1